Теория групп и квантованные поля

Detalles Bibliográficos
Autor Principal: Румер Ю. Б. Юрий Борисович
Outros autores: Фет А. И. Абрам Ильич
Summary:Книга содержит введение в кинематику квантованных полей и некоторые общие результаты, вытекающие из теоретико-группового подхода. Изложение основано на спинорной алгебре, систематически изложенной в первой части книги. Подчеркнута связь между динамическими уравнениями и неприводимыми представлениями группы Пуанкаре. Во второй части, после сжатого изложения математической схемы квантовой теории поля, выводится теорема Вайнберга о связи операторов поля с операторами рождения и уничтожения частиц, откуда естественно получаются неприводимые представления Вигнера в пространстве состояний системы, групповые определения спина и спиральности и общие теоремы о возможных квантованных полях.
Idioma:ruso
Publicado: Москва, Наука, 1977
Subjects:
Formato: MixedMaterials Libro
KOHA link:https://koha.lib.tpu.ru/cgi-bin/koha/opac-detail.pl?biblionumber=374484

MARC

LEADER 00000nam0a2200000 4500
001 374484
005 20231102012644.0
035 |a (RuTPU)RU\TPU\retro\31918 
035 |a RU\TPU\book\271745 
090 |a 374484 
100 |a 20221219d1977 k y0rusy50 ca 
101 0 |a rus 
102 |a RU 
105 |a y z 001zy 
200 1 |a Теория групп и квантованные поля  |f Ю. Б. Румер, А. И. Фет 
210 |a Москва  |c Наука  |d 1977 
215 |a 248 с.  |c ил. 
320 |a Библиогр.: с. 245. 
320 |a Предметный указатель: с. 246-247. 
330 |a Книга содержит введение в кинематику квантованных полей и некоторые общие результаты, вытекающие из теоретико-группового подхода. Изложение основано на спинорной алгебре, систематически изложенной в первой части книги. Подчеркнута связь между динамическими уравнениями и неприводимыми представлениями группы Пуанкаре. Во второй части, после сжатого изложения математической схемы квантовой теории поля, выводится теорема Вайнберга о связи операторов поля с операторами рождения и уничтожения частиц, откуда естественно получаются неприводимые представления Вигнера в пространстве состояний системы, групповые определения спина и спиральности и общие теоремы о возможных квантованных полях. 
606 1 |a Квантовая теория поля  |2 stltpush  |3 (RuTPU)RU\TPU\subj\14222  |9 40678 
606 1 |a Группы, теория  |x (математика)  |2 stltpush  |3 (RuTPU)RU\TPU\subj\8861  |9 36192 
610 1 |a группа Лоренца 
610 1 |a группа Пуанкаре 
610 1 |a спиноры 
610 1 |a спин-тензоры 
610 1 |a биоспиноры Дирака 
610 1 |a квантованные поля 
610 1 |a теорема Вайнберга 
610 1 |a теорема Паули 
610 1 |a спин 
610 1 |a группы Вигнера 
610 1 |a безмассовые поля 
675 |a 530.145  |v 3 
675 |a 512.54  |v 3 
700 1 |a Румер  |b Ю. Б.  |g Юрий Борисович 
701 1 |a Фет  |b А. И.  |g Абрам Ильич 
801 1 |a RU  |b 63413507  |c 20140206 
801 2 |a RU  |b 63413507  |c 20221219  |g RCR 
942 |c BK